[Event "Large KO for ALL"]
[Site "SchemingMind.com"]
[Date "2007.11.19"]
[Round "-"]
[White "fouche"]
[Black "boutdem"]
[Result "0-1"]
[WhiteCountry "COL"]
[BlackCountry "GRE"]
[WhiteElo "1612"]
[WhiteRD "59"]
[BlackElo "1864"]
[BlackRD "89"]
[GameID "129533"]

1. d4 Nf6 2. c4 e5 3. d5 Bc5 4. e3 d6 5. Nc3 Nbd7 6. Qc2 a6 7. e4 Ba7 8. Nf3 c6 9. Bd3 Nc5 10. O-O Bg4
11. Be2 Rc8 12. Bg5 h6 13. Bxf6 Qxf6 14. h3 Bh5 15. b4 Nd7 16. Rad1 O-O 17. a4 g5 18. g4 Bg6 19. Kg2 h5 20. Nh2 Qf4
21. f3 h4 22. Kh1 Qg3 23. Bd3 Bd4 24. Ne2 Qxh3 25. Ng1 Qg3 26. Rd2 Qf4 27. Nh3 Qf6 28. a5 Bh7 29. Re2 Kg7 30. Qc1 Kh6
31. f4 exf4 32. Nf3 Ne5 33. Nxd4 Nxd3 34. Qc3 Ne5 35. Nf3 Rg8 36. Rg2 Bxe4 37. Rff2 cxd5 38. c5 Rg6 39. Nxh4 gxh4 40. Rxf4 Bxg2+
41. Kxg2 Rxg4+
0-1

[Event "Large KO for ALL"]
[Site "SchemingMind.com"]
[Date "2007.11.19"]
[Round "-"]
[White "boutdem"]
[Black "fouche"]
[Result "1-0"]
[WhiteCountry "GRE"]
[BlackCountry "COL"]
[WhiteElo "1864"]
[WhiteRD "89"]
[BlackElo "1612"]
[BlackRD "59"]
[GameID "129537"]

1. f4 Nc6 2. Nf3 d6 3. g3 e5 4. fxe5 dxe5 5. Bg2 Bc5 6. b3 Nf6 7. Bb2 Qe7 8. e3 Bg4 9. O-O O-O-O 10. h3 Bh5
11. g4 Bg6 12. Qe1 Bxc2 13. Nc3 Bd3 14. Rf2 h6 15. Bf1 e4 16. Bxd3 Rxd3 17. Nh4 Rhd8 18. Nf5 Qf8 19. Na4 g6 20. Bxf6 gxf5
21. Bxd8 Kxd8 22. Nxc5 Qxc5 23. Rc1 Qd6 24. Rxf5 Ne5 25. Qg3 Nf3+ 26. Rxf3 exf3 27. Qxd6+ cxd6 28. Rc2 Kd7 29. Kf2 d5 30. Kxf3 Kd6
31. Ke2
1-0

[Event "Large KO for ALL"]
[Site "SchemingMind.com"]
[Date "2007.11.26"]
[Round "-"]
[White "lemmie"]
[Black "jnable"]
[Result "0-1"]
[WhiteCountry "NED"]
[BlackCountry "PHI"]
[WhiteElo "1661"]
[WhiteRD "68"]
[BlackElo "1836"]
[BlackRD "100"]
[GameID "130470"]

1. e4 c5 2. Nf3 Nc6 3. Nc3 e6 4. d4 cxd4 5. Nxd4 a6 6. Bd3 Nxd4 7. Be3 Nc6 8. Na4 Bb4+ 9. c3 Ba5 10. b4 Bc7
11. O-O Nf6 12. Nc5 d6 13. Nb3 O-O 14. Qc2 Ne5 15. Be2 Bd7 16. f4 Neg4 17. Qd2 Nxe3 18. Qxe3 Bb6 19. Nd4 e5
0-1

[Event "Large KO for ALL"]
[Site "SchemingMind.com"]
[Date "2007.11.26"]
[Round "-"]
[White "jnable"]
[Black "lemmie"]
[Result "1-0"]
[WhiteCountry "PHI"]
[BlackCountry "NED"]
[WhiteElo "1867"]
[WhiteRD "90"]
[BlackElo "1639"]
[BlackRD "62"]
[GameID "130478"]

1. d4 d5 2. Nf3 e6 3. c4 c6 4. e3 Nf6 5. Nc3 Bb4 6. cxd5 cxd5 7. Qa4+ Nc6 8. Bb5 Bxc3+ 9. bxc3 Bd7 10. Ba3 a6
11. Bxc6 Bxc6 12. Qc2 Ne4 13. O-O b5 14. Nd2 Nxd2 15. Qxd2 Qa5 16. Bb4 Qb6 17. Rab1 a5 18. Bc5 Qb7 19. a4 Qd7 20. axb5 Bxb5
21. Rfe1 a4 22. e4 Bc4 23. Rb6 Bb3 24. Ra1 f6 25. Rxb3 Kf7 26. Rb6 dxe4 27. Rab1 Rhc8 28. Qf4 Kg8 29. Rb7 Qd5 30. Qd6 Qh5
31. Qxe6+ Kh8 32. Qxe4 a3 33. Qe7 a2 34. Qxg7#
1-0

[Event "Large KO for ALL"]
[Site "SchemingMind.com"]
[Date "2007.12.05"]
[Round "-"]
[White "Archon"]
[Black "griffimv"]
[Result "0-1"]
[WhiteCountry "CAN"]
[BlackCountry "INT"]
[WhiteElo "1763"]
[WhiteRD "53"]
[BlackElo "2403"]
[BlackRD "87"]
[GameID "131035"]

1. Nf3 Nf6 2. c4 e6 3. g3 d5 4. Bg2 dxc4 5. Qc2 Nbd7 6. Na3 c5 7. Nxc4 b5 8. Nce5 Nd5 9. Nxd7 Qxd7 10. b3 Bd6
11. Bb2 O-O 12. O-O f6 13. d3 Bb7 14. Rfc1 a5 15. a3 a4 16. bxa4 Rxa4 17. Nd2 Rc8 18. Ne4 Be7 19. Qb3 c4 20. dxc4 bxc4
21. Qd1 Rd8 22. Nc3 Nxc3 23. Bxc3 Qxd1+ 24. Rxd1 Rxd1+ 25. Rxd1 Bxg2 26. Kxg2 Rxa3 27. Rd7 Bf8 28. Bd4 Bb4 29. Rc7 c3 30. Be3 Ba5
31. Rc8+ Kf7 32. Kf3 Ra2 33. Ke4 Rxe2 34. Kd3 Ra2 35. Rc6 e5 36. h4 Kg6 37. Rc4 h5 38. Rc6 c2 39. Rxc2 e4+
0-1

[Event "Large KO for ALL"]
[Site "SchemingMind.com"]
[Date "2007.12.05"]
[Round "-"]
[White "griffimv"]
[Black "Archon"]
[Result "1-0"]
[WhiteCountry "INT"]
[BlackCountry "CAN"]
[WhiteElo "2401"]
[WhiteRD "81"]
[BlackElo "1774"]
[BlackRD "50"]
[GameID "131041"]

1. e4 d6 2. d4 Nf6 3. Nc3 g6 4. Be3 c6 5. Qd2 Bg7 6. f3 Nbd7 7. g4 b5 8. h4 Nb6 9. h5 Bb7 10. hxg6 hxg6
11. Rxh8+ Bxh8 12. Nh3 Qc7 13. Ng5 e5 14. dxe5 dxe5 15. a4 a6 16. axb5 cxb5 17. Bxb5+ axb5 18. Rxa8+ Bxa8 19. Nxb5
1-0

[Event "Large KO for ALL"]
[Site "SchemingMind.com"]
[Date "2007.12.30"]
[Round "-"]
[White "Quirine"]
[Black "Gilligan"]
[Result "1-0"]
[WhiteCountry "NED"]
[BlackCountry "USA"]
[WhiteElo "1915"]
[WhiteRD "80"]
[BlackElo "1588"]
[BlackRD "85"]
[GameID "134960"]

1. e4 e5 2. Nf3 Nc6 3. Bc4 Nf6 4. d3 h6 5. O-O Bc5 6. c3 Bb6 7. b4 d6 8. a4 a6 9. Nbd2 O-O 10. h3 Nh5
11. Nxe5 Nxe5 12. Qxh5 Qf6 13. d4 Nxc4 14. Nxc4 Ba7 15. Kh1 Qe6 16. Qe2 d5 17. Nd2 Qc6 18. Bb2 Re8 19. e5 f6 20. f4 f5
21. b5 Qd7 22. c4 c5 23. dxc5 Bxc5 24. Qd3 dxc4 25. Qxc4+ Kh8 26. Nf3 b6 27. Rad1 Qe6 28. Qd5 Ra7 29. Rd3 axb5 30. axb5 Rd7
31. Qxe6 Rxe6 32. Rfd1 Rxd3 33. Rxd3 Bb7 34. Bd4 Bxf3 35. Bxc5 Bxg2+ 36. Kxg2 bxc5 37. Rc3 g5 38. Rxc5 gxf4 39. Kf3 Kg7 40. Kxf4 Kg6
41. Rc6
1-0

[Event "Large KO for ALL"]
[Site "SchemingMind.com"]
[Date "2007.12.30"]
[Round "-"]
[White "Gilligan"]
[Black "Quirine"]
[Result "1-0"]
[WhiteCountry "USA"]
[BlackCountry "NED"]
[WhiteElo "1588"]
[WhiteRD "85"]
[BlackElo "1915"]
[BlackRD "80"]
[GameID "134973"]

1. d4 Nf6 2. c4 g6 3. Nc3 Bg7 4. Nf3 d6 5. Bg5 O-O 6. e3 Nbd7 7. Nd5 Ne4 8. Nxe7+ Kh8 9. Nxg6+ fxg6 10. Bxd8 Rxd8
11. Bd3 Ndf6 12. Qb3 b6 13. O-O Bg4 14. Bxe4 Nxe4 15. Qd3 Re8 16. Nd2 Nf6 17. f3 Bd7 18. Nb1 Re7 19. Re1 c5 20. Nd2 Rae8
21. e4 cxd4 22. Rad1 Nh5 23. Qa3 Nf4 24. Qxd6 Nd3 25. Re2 Nxb2 26. Rb1 d3 27. Rf2 Ba4 28. Qa3
1-0

[Event "Large KO for ALL"]
[Site "SchemingMind.com"]
[Date "2008.01.18"]
[Round "-"]
[White "acbrasileiro"]
[Black "Tahur"]
[Result "0-1"]
[WhiteCountry "BRA"]
[BlackCountry "ARG"]
[WhiteElo "1940"]
[WhiteRD "103"]
[BlackElo "1941"]
[BlackRD "57"]
[GameID "137235"]

1. Nf3 Nf6 2. e3 d5 3. b3 c6 4. Ba3 Bg4 5. Be2 Bxf3 6. Bxf3 e5 7. Bxf8 Rxf8 8. d3 Nbd7 9. O-O Qe7 10. c4 Rd8
11. cxd5 cxd5 12. d4 e4 13. Be2 a6 14. Nc3 Rc8 15. Rc1 Rc6 16. Na4 Qd6 17. Rxc6 Qxc6 18. Qd2 b5 19. Rc1 Qd6 20. Nc5 Nxc5
21. dxc5 Qc6 22. Qd4 g6 23. Qe5+ Kd7 24. b4 Re8 25. Qd4 Ke7 26. Qe5+ Kf8 27. Qd6+ Qxd6 28. cxd6 Rd8 29. Rc6 Ne8 30. Rxa6 Nxd6
31. Rb6 Ke7 32. Bxb5 Nxb5 33. Rxb5 Kd6= 34. a4 Rc8 35. Rb6+ Ke7 36. g3 Kd7 37. b5 Ra8 38. Ra6 Rxa6 39. bxa6 Kc7 40. h4 Kb6
41. Kg2 Kxa6 42. f3 Ka5 43. fxe4 dxe4 44. g4 f6 45. g5 f5 46. Kg3 Kxa4 47. h5 Kb3
0-1

[Event "Large KO for ALL"]
[Site "SchemingMind.com"]
[Date "2008.01.18"]
[Round "-"]
[White "Tahur"]
[Black "acbrasileiro"]
[Result "1-0"]
[WhiteCountry "ARG"]
[BlackCountry "BRA"]
[WhiteElo "1979"]
[WhiteRD "54"]
[BlackElo "1966"]
[BlackRD "102"]
[GameID "137238"]

1. e4 c5 2. Nf3 d6 3. d4 cxd4 4. Nxd4 Nf6 5. Nc3 a6 6. Bg5 e6 7. Bc4 Be7 8. h4 h6 9. Bxf6 Bxf6 10. Qd3 b5
11. Bb3 O-O 12. O-O-O Nd7 13. f4 Nc5 14. Qe3 Bxh4 15. g3 Bf6 16. e5 Be7 17. Nc6 Qc7 18. Bd5 Nb7 19. Nxe7+ Qxe7 20. exd6 Qd7
21. Be4 f5 22. Bf3 b4 23. Ne2 a5 24. Qb6 Qa4 25. d7 Bxd7 26. Bxb7 Rab8 27. Qc7 Rbd8 28. b3 Qxa2 29. Rxd7 Rxd7 30. Qxd7 Qa1+
31. Kd2 Qf6 32. Qb5 Rd8+ 33. Ke3 Qf7 34. Qxa5 Qd7 35. Qxb4 Rb8 36. Bc6 Qc7 37. Qc4 Qd6 38. Nd4 Rc8 39. Nxf5
1-0

[Event "Large KO for ALL"]
[Site "SchemingMind.com"]
[Date "2008.01.16"]
[Round "-"]
[White "Juan Jose Rivas Maceda"]
[Black "Rimfaxe"]
[Result "1-0"]
[WhiteCountry "PER"]
[BlackCountry "DEN"]
[WhiteElo "2145"]
[WhiteRD "124"]
[BlackElo "1759"]
[BlackRD "92"]
[GameID "137601"]

1. e4 e5 2. Nf3 Nc6 3. Bb5 a6 4. Ba4 Nf6 5. O-O b5 6. Bb3 Bc5 7. c3 d6 8. d4 Bb6 9. Bg5 h6 10. Bh4 g5
11. Bg3 O-O 12. dxe5 Nxe5 13. Nxe5 dxe5 14. Bxe5 Qxd1 15. Rxd1 Nxe4 16. Bd4 Bxd4 17. cxd4 Bb7 18. f3 Nd6 19. Nc3 Rad8 20. Rac1 Rfe8
21. Kf2 Nf5 22. d5 c6 23. Ne4 Kg7 24. dxc6 Rxd1 25. Bxd1 Ba8 26. g4 Ne7 27. c7 Rc8 28. Nd6
1-0

[Event "Large KO for ALL"]
[Site "SchemingMind.com"]
[Date "2008.01.16"]
[Round "-"]
[White "Rimfaxe"]
[Black "Juan Jose Rivas Maceda"]
[Result "0-1"]
[WhiteCountry "DEN"]
[BlackCountry "PER"]
[WhiteElo "1759"]
[WhiteRD "92"]
[BlackElo "2145"]
[BlackRD "124"]
[GameID "137606"]

1. e4 e5 2. Nf3 Nc6 3. Bb5 a6 4. Ba4 Nf6 5. O-O Nxe4 6. d4 b5 7. Bb3 d5 8. dxe5 Be6 9. c3 Bc5 10. Nbd2 O-O
11. Bc2 Nxf2 12. Rxf2 f6 13. exf6 Bxf2+ 14. Kxf2 Qxf6 15. Kg1 Rae8 16. Nb3 Ne5 17. Be3 Nxf3+ 18. gxf3 Qxf3 19. Qxf3 Rxf3 20. Re1 Bh3
0-1

[Event "Large KO for ALL"]
[Site "SchemingMind.com"]
[Date "2008.01.23"]
[Round "-"]
[White "loco61"]
[Black "griffimv"]
[Result "0-1"]
[WhiteCountry "ENG"]
[BlackCountry "INT"]
[WhiteElo "1583"]
[WhiteRD "63"]
[BlackElo "2346"]
[BlackRD "84"]
[GameID "137839"]

1. e4 c5 2. Nf3 d6 3. Bc4 Nf6 4. Nc3 Nc6 5. a3 e6 6. d4 cxd4 7. Nxd4 Be7 8. Be3 O-O 9. Qd2 Ng4 10. O-O-O Nxe3
11. Qxe3 Nxd4 12. Qxd4 a6 13. e5 d5 14. Bd3 f6 15. g4 Qc7 16. f4 Bc5 17. Qa4 fxe5 18. fxe5 Bd7 19. Qb3 Qxe5 20. Rde1 Qd6
21. h4 Qb6 22. Qxb6 Bxb6 23. h5 Rf2 24. g5 Raf8 25. h6 g6 26. Bxg6 hxg6 27. h7+ Kh8 28. Rh6 Rf1 29. Rxf1 Rxf1+ 30. Kd2 Rg1
31. Rxg6 Kxh7 32. Rf6 Rxg5 33. Rf7+ Rg7 34. Rf6 Rg2+ 35. Kd3 Bb5+ 36. Nxb5 axb5 37. Rxe6 Rg3+ 38. Ke2 Bd4 39. c3 Bg7 40. Rd6 Rg2+
41. Kd3 Rxb2 42. Rxd5 Rb3 43. Rc5 Kg6 44. Kc2 Rxa3 45. Rxb5 Rxc3+ 46. Kd2 Rc7 47. Rb6+ Kf5 48. Kd3 Rd7+ 49. Kc4 Ke4 50. Re6+ Be5
51. Rb6 Rc7+ 52. Kb3 Rc1 53. Ka4 Ra1+ 54. Kb5 Rb1+ 55. Kc5 Bd4+
0-1

[Event "Large KO for ALL"]
[Site "SchemingMind.com"]
[Date "2008.01.23"]
[Round "-"]
[White "griffimv"]
[Black "loco61"]
[Result "1-0"]
[WhiteCountry "INT"]
[BlackCountry "ENG"]
[WhiteElo "2348"]
[WhiteRD "80"]
[BlackElo "1601"]
[BlackRD "66"]
[GameID "137845"]

1. e4 e5 2. Nf3 Nc6 3. Bb5 d6 4. d4 a6 5. Bxc6+ bxc6 6. dxe5 Bg4 7. Nc3 Bxf3 8. Qxf3 dxe5 9. Qg3 Qd6 10. O-O Nf6
11. Rd1 Qe6 12. h3 Bb4 13. Qxg7 Ke7 14. Bg5 Rag8 15. Bxf6+ Qxf6 16. Rd7+ Ke6 17. Qxf6+ Kxf6 18. Rxc7 Bxc3 19. Rxc6+ Ke7 20. Rxc3 Rb8
21. b3 Rhd8 22. Rc7+ Ke6 23. Re1 Rd2 24. Re3 Rbd8 25. Rec3 R2d4 26. R7c6+ R8d6 27. Rxd6+ Kxd6 28. Rd3 Kc5 29. Rf3 Rd7 30. Rf6 a5
31. Kh2 Kd4 32. f3 Kc3 33. Rc6+ Kd4 34. Rc4+ Ke3 35. Rc5 Rd2 36. Rxe5 a4 37. bxa4 Rxc2 38. a3 Rc3 39. Rf5 Rc7 40. Kg3 Ra7
41. a5 Ke2 42. e5 Rxa5 43. a4 Rxa4 44. Rxf7 h5 45. Rf4 Ra6 46. Re4+ Kd3 47. e6 Ra8 48. e7 Re8 49. Kh4
1-0

[Event "Large KO for ALL"]
[Site "SchemingMind.com"]
[Date "2008.02.16"]
[Round "-"]
[White "Robert Pallett"]
[Black "Juan Jose Rivas Maceda"]
[Result "1-0"]
[WhiteCountry "ENG"]
[BlackCountry "PER"]
[WhiteElo "2395"]
[WhiteRD "79"]
[BlackElo "2108"]
[BlackRD "110"]
[GameID "141906"]

1. e4 e5 2. Nf3 Nc6 3. Bb5 a6 4. Ba4 Nf6 5. O-O Nxe4 6. d4 b5 7. Bb3 d5 8. dxe5 Be6 9. Nbd2 Bc5 10. Qe2 Nxd2
11. Bxd2 O-O 12. Rfd1 Qd7 13. Be3 Bxe3 14. Qxe3 Rad8 15. c3 Qe7 16. h3 Na5 17. Qf4 f6 18. Bc2 Nc6 19. Qh4 h6 20. a4 b4
21. Nd4 Nxd4 22. cxd4 c5 23. Re1 c4 24. Bg6 Qc7 25. Qg3 Qb6 26. Rad1 f5 27. f4 Rc8 28. Re3 Rc7 29. Qe1 a5 30. Kh1 Rfc8
31. g4 fxg4 32. f5 Bd7 33. e6 Bxa4 34. f6 gxf6 35. e7 Kg7 36. Re6 Rxe7 37. Rxe7+ Kxg6 38. Rd2 Qd6 39. Rg2
1-0

[Event "Large KO for ALL"]
[Site "SchemingMind.com"]
[Date "2008.02.16"]
[Round "-"]
[White "Juan Jose Rivas Maceda"]
[Black "Robert Pallett"]
[Result "1-0"]
[WhiteCountry "PER"]
[BlackCountry "ENG"]
[WhiteElo "2200"]
[WhiteRD "109"]
[BlackElo "2346"]
[BlackRD "84"]
[GameID "141912"]

1. e4 c5 2. Nf3 Nc6 3. d4 cxd4 4. Nxd4 Nf6 5. Nc3 e5 6. Ndb5 d6 7. Bg5 a6 8. Na3 b5 9. Nd5 Be7 10. Bxf6 Bxf6
11. c3 Bg5 12. Nc2 O-O 13. a4 bxa4 14. Rxa4 Rb8 15. b4 a5 16. h4 Bh6 17. b5 Ne7 18. Nce3 Bxe3 19. Nxe3 Be6 20. Be2 Rc8
21. c4 f5 22. Nxf5 Nxf5 23. exf5 Bxf5 24. Qd5+ Kh8 25. Qd2 Be4 26. f3 Bb7 27. Qxa5 Qe7 28. Qb6 e4 29. Qe3 Qf6 30. O-O exf3
31. Bxf3 Rce8 32. Qd2 Bxf3 33. Rxf3 Qxh4 34. Rxf8+ Rxf8 35. b6 Qe4 36. Ra1 h6 37. Re1 Qh4 38. Rd1 Qxc4 39. Qxd6 Qf7 40. Qb4 Qf2+
41. Kh2 Rb8 42. b7 Qf7 43. Rb1 Qc7+ 44. Kh3 Qd7+= 45. Kg3 Qc7+ 46. Kf2 Qf7+ 47. Kg1 Qc7 48. Qe4 Qc5+ 49. Kh2 Qh5+ 50. Kg3 Qf7
51. Qc6 Qf5 52. Qd6 Qg5+ 53. Kh2 Qh5+ 54. Kg1 Qe8 55. Qf4 Qd8 56. Qe5 Kg8 57. Rb4 Kh7 58. Kh2 Kh8 59. Rd4 Qf8 60. Rd7 Kh7
61. Kg1 Re8 62. Qd4 Re1+ 63. Kh2 Re8 64. Rc7 Rd8 65. Qe4+ Kh8 66. Kh3 h5 67. Qg6 Qa3+ 68. g3 Qf8 69. Rf7 Qg8 70. Qf5 h4
71. Rc7 Qb3 72. Qe5 Qxg3+ 73. Qxg3 hxg3 74. Rc8 Rxc8 75. bxc8=Q+ Kh7 76. Kxg3 Kg6 77. Qf8 Kg5 78. Qxg7+ Kf5 79. Qe7 Kg6 80. Kf4 Kh6
81. Kf5
1-0

[Event "Large KO for ALL"]
[Site "SchemingMind.com"]
[Date "2008.03.31"]
[Round "-"]
[White "boutdem"]
[Black "Gilligan"]
[Result "0-1"]
[WhiteCountry "GRE"]
[BlackCountry "USA"]
[WhiteElo "1820"]
[WhiteRD "80"]
[BlackElo "1674"]
[BlackRD "87"]
[GameID "148217"]

1. f4 d5 2. Nf3 e6 3. g3 Nf6 4. Bg2 Nc6 5. O-O Bc5+ 6. Kh1 O-O 7. c3 b6 8. Qc2 Ne7 9. d3 Ng4 10. d4 Bd6
11. h3 Nf6 12. Nbd2 Rb8 13. e4 dxe4 14. Nxe4 Nxe4 15. Qxe4 Bb7 16. Qc2 c5 17. Ne5 Bxg2+ 18. Qxg2 f6 19. Nc4 b5 20. Nxd6 Qxd6
21. dxc5 Qxc5 22. Qe2 Qd5+ 23. Kh2 Nf5 24. g4 Nd6 25. Be3 a6 26. Rad1 Qc6 27. Bd4 Rbe8
0-1

[Event "Large KO for ALL"]
[Site "SchemingMind.com"]
[Date "2008.03.31"]
[Round "-"]
[White "Gilligan"]
[Black "boutdem"]
[Result "1-0"]
[WhiteCountry "USA"]
[BlackCountry "GRE"]
[WhiteElo "1674"]
[WhiteRD "87"]
[BlackElo "1820"]
[BlackRD "80"]
[GameID "148223"]

1. e4 c5 2. Nf3 d6 3. d3 Nc6 4. Be2 Nf6 5. O-O e6 6. Be3 Be7 7. Nbd2 Ng4 8. h3 Nxe3 9. fxe3 b5 10. c3 Bb7
11. d4 c4 12. b3 cxb3 13. axb3 a6 14. d5 Na7 15. dxe6 fxe6 16. e5 Rc8 17. Rc1 d5 18. b4 Rc7 19. Nd4 Bc8 20. Bg4 Bg5
21. Bxe6 Bxe3+ 22. Kh1 Bxd4 23. cxd4 Bxe6 24. Ra1 Bc8 25. Nb3 Nc6 26. Qe1 Rf8 27. Nc5
1-0

[Event "Large KO for ALL"]
[Site "SchemingMind.com"]
[Date "2008.04.06"]
[Round "-"]
[White "jnable"]
[Black "Tahur"]
[Result "1/2-1/2"]
[WhiteCountry "PHI"]
[BlackCountry "ARG"]
[WhiteElo "1846"]
[WhiteRD "86"]
[BlackElo "1981"]
[BlackRD "58"]
[GameID "149253"]

1. e4 e5 2. Nf3 Nc6 3. Bc4 Nf6 4. Ng5 d5 5. exd5 Na5 6. Bb5+ c6 7. dxc6 bxc6 8. Be2 h6 9. Nf3 e4 10. Ng1 Bc5
11. c3 Qb6 12. d4 exd3 13. Qxd3 Bxf2+ 14. Kf1 O-O 15. Nf3 Rd8 16. Qc2 Be6 17. Bf4 Nd5 18. Bd2 Ne3+ 19. Bxe3 Qxe3 20. Nbd2 Bh4
21. g3 Bh3+ 22. Ke1 Bf6 23. Qe4 Bg5 24. Qxe3 Bxe3 25. Nf1 Bc5 26. Nd4 Bxd4 27. cxd4 Rxd4 28. Rd1 Rxd1+ 29. Kxd1 Be6 30. b3 Bd5
31. Rg1 Re8 32. Nd2 Be6 33. Bf3 Rd8 34. Ke2 f6 35. Rc1 Re8 36. Kf2 Rd8 37. Ke3 Bd5 38. Bxd5+ Rxd5 39. Nf3 Rb5 40. Nd4 Re5+
41. Kd3 c5 42. Nf3 Rh5 43. Rc2 Kf7 44. Ke3 Rd5 45. Ke4 Ke6 46. Ke3 Nc6 47. Rc4 g6 48. a3 Ne5 49. Nxe5 fxe5 50. b4 cxb4
51. axb4 a5 52. bxa5 Rxa5 53. Rc3 Kf5 54. h3 h5 55. Kf3 e4+ 56. Ke3 Ke5 57. Rb3 Rc5 58. Ra3 g5 59. Rb3 Ra5 60. Rc3 Rb5
61. Ra3 Rc5 62. Rb3 Ra5 63. Rc3 Rb5 64. Ra3 Rc5
1/2-1/2

[Event "Large KO for ALL"]
[Site "SchemingMind.com"]
[Date "2008.04.06"]
[Round "-"]
[White "Tahur"]
[Black "jnable"]
[Result "1-0"]
[WhiteCountry "ARG"]
[BlackCountry "PHI"]
[WhiteElo "2005"]
[WhiteRD "60"]
[BlackElo "1824"]
[BlackRD "90"]
[GameID "149256"]

1. e4 e5 2. Nf3 Nc6 3. Bc4 Nf6 4. Ng5 d5 5. exd5 Na5 6. Bb5+ c6 7. dxc6 bxc6 8. Be2 Bc5 9. O-O O-O 10. Nc3 h6
11. Nge4 Nxe4 12. Nxe4 Bb6 13. b4 Nb7 14. c3 Bf5 15. d3 Nd6 16. Qc2 Bh7 17. Nxd6 Qxd6 18. Be3 Rad8 19. Rad1 f5 20. a4 f4
21. Bc1 Rf6 22. a5 Bc7 23. Rfe1 Rdf8 24. Bf3 g5 25. Qa4 Bf5 26. d4 e4 27. Bxe4 Bxe4 28. Rxe4 g4 29. Rde1 g3 30. Qa2+ Kh8
31. fxg3 fxg3 32. h3 Qd7 33. Re6 Qf7 34. Rxf6 Qxa2 35. Rxf8+ Kg7 36. Rf3 Bd6 37. Bf4 Bxf4 38. Rxf4 Qd2 39. Rg4+ Kf6 40. Rf1+ Ke6
41. Rxg3 h5 42. Rg6+ Kd5 43. Rf5+ Ke4 44. Re5+ Kf4 45. Kh2
1-0

[Event "Large KO for ALL"]
[Site "SchemingMind.com"]
[Date "2008.06.17"]
[Round "-"]
[White "Gilligan"]
[Black "griffimv"]
[Result "0-1"]
[WhiteCountry "USA"]
[BlackCountry "INT"]
[WhiteElo "1674"]
[WhiteRD "87"]
[BlackElo "2355"]
[BlackRD "79"]
[GameID "159078"]

1. e4 c5 2. Nf3 d6 3. Bc4 Nf6 4. Nc3 Nc6 5. d4 cxd4 6. Nxd4 Qb6 7. Bb5 e5 8. Nd5 Nxd5 9. exd5 exd4 10. Qe2+ Be7
11. dxc6 bxc6 12. Bd3 Be6 13. O-O O-O 14. b3 Rfe8 15. Rb1 Bf6 16. Qd2 Bd5 17. Ba3 c5 18. Bb2 a5 19. c4 dxc3 20. Bxc3 Bxc3
21. Qxc3 Qb4 22. Qc2 Bxg2 23. Kxg2 Qg4+ 24. Kh1 Qf3+ 25. Kg1 Re5 26. h4 Qg4+
0-1

[Event "Large KO for ALL"]
[Site "SchemingMind.com"]
[Date "2008.06.15"]
[Round "-"]
[White "griffimv"]
[Black "Gilligan"]
[Result "1-0"]
[WhiteCountry "INT"]
[BlackCountry "USA"]
[WhiteElo "2355"]
[WhiteRD "79"]
[BlackElo "1674"]
[BlackRD "87"]
[GameID "159087"]

1. e4 e5 2. Nf3 d6 3. d4 Bg4 4. dxe5 Bxf3 5. Qxf3 dxe5 6. Bc4 f6 7. Qb3 Qe7 8. Bxg8 Qb4+ 9. Nc3 Qxb3 10. Bxb3 Nc6
11. Ba4 Bb4 12. Be3 O-O 13. O-O-O Nd8 14. Nd5 Bd6 15. Bb3 Kh8 16. Kb1 c6 17. Nb6 axb6 18. Rxd6 Ra6 19. Rhd1 Nf7 20. Rd7 c5
21. Bxf7
1-0

[Event "Large KO for ALL"]
[Site "SchemingMind.com"]
[Date "2008.07.09"]
[Round "-"]
[White "Tahur"]
[Black "Juan Jose Rivas Maceda"]
[Result "0-1"]
[WhiteCountry "ARG"]
[BlackCountry "PER"]
[WhiteElo "1981"]
[WhiteRD "58"]
[BlackElo "2200"]
[BlackRD "109"]
[GameID "162752"]

1. e4 e5 2. Nf3 Nc6 3. Bb5 a6 4. Ba4 Nf6 5. O-O Nxe4 6. d4 b5 7. Bb3 d5 8. Nxe5 Nxe5 9. dxe5 c6 10. a4 b4
11. Nd2 Nc5 12. Qf3 Be7 13. c4 bxc3 14. Qxc3 O-O 15. Bc2 d4 16. Qa3 a5 17. Qf3 d3 18. Bb1 Rb8 19. Ra3 Ba6 20. Re1 Rb4
21. Qd1 h6 22. Ba2 Bg5 23. Qf3 Qd4 24. Qxc6 Bxd2 25. Bxd2 Rxb2 26. Be3 Qb4 27. Ra1 Qxa3 28. Qxc5 Qxc5 29. Bxc5 Rfb8 30. g3 d2
0-1

[Event "Large KO for ALL"]
[Site "SchemingMind.com"]
[Date "2008.07.10"]
[Round "-"]
[White "Juan Jose Rivas Maceda"]
[Black "Tahur"]
[Result "1-0"]
[WhiteCountry "PER"]
[BlackCountry "ARG"]
[WhiteElo "2200"]
[WhiteRD "109"]
[BlackElo "1981"]
[BlackRD "58"]
[GameID "162759"]

1. e4 e5 2. Nf3 Nc6 3. Bb5 a6 4. Ba4 Nf6 5. O-O Be7 6. Re1 b5 7. Bb3 d6 8. c3 Rb8 9. d4 Bg4 10. Bd5 Qd7
11. Bxc6 Qxc6 12. Nbd2 O-O 13. dxe5 Bxf3 14. Nxf3 Nxe4 15. Nd4 Qb7 16. Qg4 Nxf2 17. Kxf2 dxe5 18. Bh6 Bf6 19. Nf5 g6 20. Bxf8 Rxf8
21. Ne3 Be7 22. Qd7 Bh4+ 23. g3 Rd8 24. Qg4 Be7 25. Rad1 Rxd1 26. Rxd1 Bd6 27. Qf3 Qxf3+ 28. Kxf3 f5 29. Nd5 h5 30. Nb4 e4+
31. Kg2 Bxb4 32. cxb4 Kf7 33. Rd7+ Ke6 34. Rxc7 g5 35. Rc6+ Ke5 36. Rxa6 f4 37. Rb6 f3+ 38. Kf1 e3 39. Rxb5+ Kf6 40. a4 e2+
41. Ke1 Ke6 42. Rc5 h4 43. g4 h3 44. a5 Kd6 45. a6
1-0

[Event "Large KO for ALL"]
[Site "SchemingMind.com"]
[Date "2008.07.30"]
[Round "-"]
[White "Juan Jose Rivas Maceda"]
[Black "griffimv"]
[Result "1/2-1/2"]
[WhiteCountry "PER"]
[BlackCountry "INT"]
[WhiteElo "2201"]
[WhiteRD "113"]
[BlackElo "2243"]
[BlackRD "85"]
[GameID "164889"]

1. e4 c5 2. Nf3 d6 3. d4 cxd4 4. Nxd4 Nf6 5. Nc3 a6 6. Be3 e5 7. Nb3 Be6 8. f3 Be7 9. Nd5 Nxd5 10. exd5 Bf5
11. Bd3 Bxd3 12. Qxd3 Nd7 13. O-O O-O 14. c4 Rc8 15. Rac1 Bg5 16. Bxg5 Qxg5 17. Rfe1 Rfe8 18. Qe3 Qxe3+ 19. Rxe3 Nb6 20. Na5 Nxd5
21. Rd3 Nf4 22. Rd2 e4 23. fxe4 Rxe4 24. Rcd1 Rc7 25. Rxd6 g6 26. Kf1 Re5 27. b4 Rf5 28. g4 Rg5 29. c5 Rxg4 30. Rd7 Rxd7
31. Rxd7 Rg2 32. Nxb7 Rc2 33. a4=
1/2-1/2

[Event "Large KO for ALL"]
[Site "SchemingMind.com"]
[Date "2008.07.30"]
[Round "-"]
[White "griffimv"]
[Black "Juan Jose Rivas Maceda"]
[Result "1/2-1/2"]
[WhiteCountry "INT"]
[BlackCountry "PER"]
[WhiteElo "2276"]
[WhiteRD "85"]
[BlackElo "2205"]
[BlackRD "112"]
[GameID "164893"]

1. e4 e5 2. Nf3 Nc6 3. Bb5 a6 4. Ba4 Nf6 5. O-O Nxe4 6. d4 b5 7. Bb3 d5 8. dxe5 Be6 9. Nbd2 Bc5 10. Qe2 Nxd2
11. Bxd2 O-O 12. Rad1 Bg4 13. Qd3 Bxf3 14. Qxf3 Nxe5 15. Qf5 Re8 16. Bg5 Qc8 17. Qxc8 Raxc8 18. Rxd5 Bd6 19. Rfd1 h6 20. Bd2 Ng4
21. Rf5 Re7 22. h3 Ne5 23. Bc3 Nd7 24. Bd5 Rd8 25. Bf3 Rde8 26. Bc6 Rb8 27. Rh5 Ne5 28. Bd5 b4 29. Bd4 Rb5 30. Be4 Re6
31. f3 g6 32. Rxh6 Bf8 33. Rh4 Be7= 34. Rf4 Bg5 35. Bxe5 Rbxe5 36. Rg4 Be3+ 37. Kf1 f5 38. Bxf5 Rxf5 39. Rxb4 Re7 40. Rb8+ Kg7
41. Rbd8 Rc5 42. c3 Kf7= 43. R8d7 Rxd7 44. Rxd7+ Kf6 45. Rd3 Bf4 46. b3 Be5=
1/2-1/2